LEADER 03210oas 22011293 450 001 9910625175303321 005 20260127110432.0 011 $a2379-8939 035 $a(DE-599)ZDB2850311-9 035 $a(OCoLC)912303578 035 $a(CONSER) 2015202305 035 $a(CKB)3710000000618734 035 $a(DE-599)2850311-9 035 $a(EXLCZ)993710000000618734 100 $a20150629a20169999 uy a 101 0 $aeng 135 $aur||||||||||| 181 $ctxt$2rdacontent 182 $cc$2rdamedia 183 $acr$2rdacarrier 200 00$aIEEE transactions on cognitive and developmental systems 210 1$aPiscataway, NJ :$cInstitute of Electrical and Electronics Engineers,$d[2016] 300 $a"Sponsored by the IEEE Computational Intelligence Society and the IEEE Consumer Electronics Society." 311 08$a2379-8920 517 1 $aTransactions on cognitive and developmental systems 517 1 $aTCDS 531 0 $aIEEE trans. cogn. dev. syst. 606 $aCognitive neuroscience$vPeriodicals 606 $aNeuroplasticity$vPeriodicals 606 $aBrain$xGrowth$vPeriodicals 606 $aCognition$xphysiology 606 $aNeuronal Plasticity 606 $aBrain$xgrowth & development 606 $aBrain$xGrowth$2fast$3(OCoLC)fst00837629 606 $aCognitive neuroscience$2fast$3(OCoLC)fst00866540 606 $aNeuroplasticity$2fast$3(OCoLC)fst01036479 606 $aNeurosciences cognitives$vPe?riodiques 606 $aPlasticite? neuronale$vPe?riodiques 606 $aCerveau$xCroissance$vPe?riodiques 606 $aRobotique 606 $aIntelligence artificielle 606 $aartificial intelligence$2aat 608 $aPeriodicals.$2fast 615 0$aCognitive neuroscience 615 0$aNeuroplasticity 615 0$aBrain$xGrowth 615 2$aCognition$xphysiology. 615 2$aNeuronal Plasticity. 615 2$aBrain$xgrowth & development. 615 7$aBrain$xGrowth. 615 7$aCognitive neuroscience. 615 7$aNeuroplasticity. 615 6$aNeurosciences cognitives 615 6$aPlasticite? neuronale 615 6$aCerveau$xCroissance 615 6$aRobotique. 615 6$aIntelligence artificielle. 615 7$aartificial intelligence. 676 $a006.3 712 02$aInstitute of Electrical and Electronics Engineers. 801 0$bDLC 801 1$bDLC 801 2$bOCLCO 801 2$bCUI 801 2$bOCLCF 801 2$bVT2 801 2$bOCLCO 801 2$bOCLCA 801 2$bMYG 801 2$bOCLCA 801 2$bU3W 801 2$bOCLCO 801 2$bCHVBK 801 2$bOCLCO 801 2$bEZC 801 2$bOCLCO 801 2$bAU@ 801 2$bWYU 801 2$bOCLCO 801 2$bOCLCA 801 2$bLVT 801 2$bOCLCO 801 2$bTKN 801 2$bOCLCO 801 2$bOCLCA 801 2$bDLC 801 2$bOCLCO 801 2$bOCLCQ 801 2$bOCLCA 801 2$bLUU 801 2$bOCLCL 801 2$bUAB 801 2$bZ5A 906 $aJOURNAL 912 $a9910625175303321 996 $aIEEE transactions on cognitive and developmental systems$92581100 997 $aUNINA